| 000 | 00869nam a2200265 a 4500 | ||
|---|---|---|---|
| 001 | 75517 | ||
| 003 | BD-RjUL | ||
| 005 | 20211209082713.0 | ||
| 008 | 500101s1960 uk 000 0 eng d | ||
| 035 | _aCURL 0500B6015263(Lox) from sc12 | ||
| 035 | _a(BD-RjUL)75735 | ||
| 040 |
_aBD-RjUL _beng _cBD-RjUL |
||
| 041 | _aeng | ||
| 082 |
_223 _a576.8 _bPOM 1960 |
||
| 100 | 1 |
_aPoppelbaum, Hermann. _9230884 |
|
| 245 | 1 | 0 |
_aMan and animal : _btheir essential difference / _cHermann Poppelbaum ; translated from the German ed. |
| 250 |
_a2nd English ed., revised and enlarged / _bedited by Owen Barfield |
||
| 260 |
_aLondon : _bAnthroposophical Publishing Co, _c1960 |
||
| 300 |
_a166 p. : _bill. ; _c23 cm . |
||
| 500 | _aPrevious ed. 1931 | ||
| 650 | 0 |
_aEvolution _9230885 |
|
| 700 | 1 |
_aBarfield, Owen, _d1898-1997. _9230888 |
|
| 942 |
_2ddc _cBK |
||
| 999 |
_c75517 _d75517 |
||